| 000 | 01667cam a2200397 i 4500 | ||
|---|---|---|---|
| 001 | 15050620 | ||
| 003 | EG-ScBUE | ||
| 005 | 20241118111857.0 | ||
| 006 | m||||fq||h 00| 0 | ||
| 008 | 071019t2009 nyua f b 001 0 eng d | ||
| 020 | _a9780073373607 (alk. paper) | ||
| 020 | _a0073373605 (alk. paper) | ||
| 040 |
_aDLC _beng _erda _cDLC _dDLC _dEG-ScBUE |
||
| 082 | 0 | 4 |
_a519.5 _222 _bACZ |
| 100 | 1 |
_aAczel, Amir D., _eauthor. _93227 |
|
| 245 | 1 | 0 |
_aComplete business statistics / _cAmir D. Aczel, Boston University, University of New Hampshire, Jayavel Sounderpandian, University of Wisconsin-Parkside. |
| 250 | _aSeventh edition. | ||
| 264 | 1 |
_aNew York : _bMcGraw-Hill/Irwin, _c[2009] |
|
| 264 | 4 | _cc2009 | |
| 300 |
_axxii, 804 pages : _bcolor illustrations ; _c28 cm. + _e1 CD |
||
| 336 |
_2rdacontent _atext _btxt |
||
| 336 |
_2rdacontent _asounds _bsnd |
||
| 337 |
_aunmediated _2rdamedia _bn |
||
| 337 |
_aaudio _2rdamedia _bs |
||
| 338 |
_avolume _bnc _2rdacarrier |
||
| 338 |
_acomputer disc _bcd _2rdacarrier |
||
| 490 | 0 | _aThe McGraw-Hill/Irwin series Operations and decision sciences | |
| 504 | _aIncludes bibliographical references and index. | ||
| 538 | _aSystems requirements for accompanying disc: PC Pentilum Based Processor, Microsoft Windows 2000/XP/Vista, Microsoft Internet Explorer 5.5 as Default Browser, Microsoft Office or Equivalent. | ||
| 650 | 7 |
_aCommercial statistics. _2BUEsh _93228 |
|
| 650 | 7 |
_aStatistics. _2BUEsh _93229 |
|
| 655 | _vReading book | ||
| 700 | 1 |
_aSounderpandian, Jayavel, _eauthor. _93230 |
|
| 942 |
_2ddc _cBB |
||
| 999 |
_c11202 _d11202 |
||